[Event "World op"]
[Site "Philadelphia"]
[Date "1997.??.??"]
[Round "6"]
[White "De Firmian, Nick E"]
[Black "Krays, Alexander"]
[Result "1-0"]
[WhiteElo "2570"]
[BlackElo "2375"]

1.e4 e6 2.d4 d5 3.Nc3 Bb4 4.e5 Qd7 5.a3 Bxc3+ 6.bxc3 b6 7.a4 Ba6 8.Bxa6 Nxa6
9.Qg4 f5 10.Qg3 Nb8 11.a5 Nc6 12.axb6 cxb6 13.Ne2 Na5 14.Nf4 Rc8 15.h4 Rc7
16.Rh3 Nc4 17.Qg5 a5 18.Rg3 Qf7 19.f3 Ra7 20.Ba3 Nh6 21.Nh5 Rg8 22.Ke2 f4
23.Nxf4 Nf5 24.Rh3 Nfe3 25.Bc1 Nf5 26.h5 a4 27.Nd3 a3 28.g4 Ne7 29.Nb4 Kd7
30.Qf4 Qxf4 31.Bxf4 Nc6 32.Ra2 Ra4 33.Bd2 Rga8 34.Nd3 R8a5 35.Rh1 Rb5 36.Rha1 Ke7
37.Bc1 Kf7 38.Bf4 Ra8 39.Bd2 Rg8 40.Bc1 Ra5 41.Nb4 Nxb4 42.cxb4 Ra4 43.c3 g6
44.h6 g5 45.Kd3 Rg6 46.Rh2 Ra8 47.Kc2 b5 48.Kb3 Ke7 49.Raa2 Kd7 50.Rh5 Rag8
51.Bxa3 Nb6 52.Bc1 Na4 53.Bd2 Kc6 54.Kc2 Kd7 55.Kd3 Kc6 56.Ke2 Kd7 57.Kf2 Kc6
58.Kg3 Kd7 59.Ra1 Ke7 60.Rh2 Ke8 61.Rf1 Nb6 62.f4 gxf4+ 63.Rxf4 Rf8 64.Rxf8+ Kxf8
65.Kh4 Ke8 66.Bg5 Rg8 67.Bf6 Kf7 68.Rf2 Kg6 69.Bg7 Nd7 70.Ra2 Rc8 71.Ra7 Nb6
72.Re7 Na4 73.Bf6 Kxh6 74.Rg7  1-0

[Event "World op"]
[Site "Philadelphia"]
[Date "1997.??.??"]
[Round "7"]
[White "Vigorito, David"]
[Black "De Firmian, Nick E"]
[Result "1-0"]
[WhiteElo "2350"]
[BlackElo "2570"]

1.d4 Nf6 2.c4 e6 3.Nc3 Bb4 4.Qc2 O-O 5.a3 Bxc3+ 6.Qxc3 Ne4 7.Qc2 f5 8.e3 b6
9.Nh3 Bb7 10.f3 Qh4+ 11.Nf2 Nxf2 12.Qxf2 Qe7 13.Bd3 d6 14.O-O Nd7 15.Qc2 Qf7
16.b4 e5 17.Bb2 Rae8 18.c5 e4 19.Bb5 Bd5 20.f4 c6 21.Be2 b5 22.Rfc1 Qe6 23.Qc3 h6
24.a4 a6 25.axb5 axb5 26.Ra6 Ra8 27.Rxc6 Bxc6 28.d5 Qf6 29.dxc6 dxc5 30.cxd7 Qxc3
31.Bxc3 c4 32.Bh5 Rfd8 33.Be8 Kf8 34.Ra1 Rxa1+ 35.Bxa1 h5 36.Bd4 g6 37.Bc5+ Kg8
38.Kf2 c3 39.Ke2 Ra8 40.Kd1  1-0

[Event "DEN-chT 9798"]
[Site "Denmark"]
[Date "1998.02.01"]
[Round "5"]
[White "De Firmian, Nick E"]
[Black "Hamann, Svend"]
[Result "1-0"]
[WhiteElo "2575"]
[BlackElo "2375"]

1.e4 c5 2.Nf3 d6 3.d4 cxd4 4.Nxd4 Nf6 5.Nc3 a6 6.Be2 e5 7.Nb3 Be7 8.O-O O-O
9.Kh1 Be6 10.f4 exf4 11.Bxf4 Nc6 12.Qe1 Ne5 13.Rd1 Qc7 14.Nd4 b5 15.Qg3 b4
16.Nd5 Bxd5 17.exd5 Rfe8 18.Bxe5 dxe5 19.Nf5 Bf8 20.Nh6+ Kh8 21.Rxf6 gxh6
22.Rdf1 Ra7 23.Bh5 Qd8 24.Rxf7  1-0

[Event "VISA GP"]
[Site "Reykjavik"]
[Date "1998.03.13"]
[Round "4"]
[White "De Firmian, Nick E"]
[Black "Jonsson, Bjorgvin"]
[Result "1-0"]
[WhiteElo "2590"]
[BlackElo "2380"]

1.e4 d6 2.d4 Nf6 3.Nc3 g6 4.f4 Bg7 5.Nf3 O-O 6.Bd3 Nc6 7.O-O e5 8.fxe5 dxe5
9.d5 Nd4 10.Nxe5 Nxe4 11.Bxe4 Bxe5 12.Bf4 Bg7 13.Qd2 Bd7 14.Rae1 Nf5 15.Bxf5 Bxf5
16.Nb5 Rc8 17.c4 Bd7 18.Nc3 Bf5 19.h3 h5 20.Bg5 f6 21.Bh6 Qd7 22.Nb5 Rce8
23.Nd4 Rxe1 24.Rxe1 Bxh6 25.Qxh6 Re8 26.Rf1 Qg7 27.Nxf5 gxf5 28.Qxh5 Re4
29.Qxf5 Re2 30.Rf2 Rxf2 31.Kxf2 Qf8 32.Kf3 Kg7 33.Qd7+ Kg6 34.Qxc7 Qb4 35.d6 Qxb2
36.d7 Qc3+ 37.Kf2 Qd4+ 38.Kg3  1-0

[Event "VISA GP"]
[Site "Reykjavik"]
[Date "1998.03.15"]
[Round "6"]
[White "Sokolov, Ivan"]
[Black "De Firmian, Nick E"]
[Result "0-1"]
[WhiteElo "2625"]
[BlackElo "2590"]

1.d4 Nf6 2.c4 e6 3.Nc3 Bb4 4.Qc2 O-O 5.a3 Bxc3+ 6.Qxc3 h6 7.Nf3 b6 8.e3 Bb7
9.Be2 a5 10.b3 d6 11.O-O Nbd7 12.Nd2 c5 13.Bb2 Qe7 14.Rad1 Rfc8 15.d5 a4
16.dxe6 Qxe6 17.b4 cxb4 18.Qxb4 Nc5 19.Nf3 Nfe4 20.Nd4 Qg6 21.f3 Ng5 22.Kh1 Re8
23.e4 Nge6 24.Nxe6 Rxe6 25.Qxb6 Rc8 26.Qb4 f5 27.exf5 Qxf5 28.Qc3 Qg5 29.Rf2 Re3
30.Qc2 Qe7 31.Bf1 Re8 32.Qg6 Re6 33.Qg3 Qf7 34.Rd4 Rg6 35.Rg4 Rxg4 36.Qxg4 Re1
37.Kg1 Ba6 38.Rc2 Ne4 39.Rc1 Qa7+ 40.c5 Qxc5+  0-1

[Event "VISA GP"]
[Site "Reykjavik"]
[Date "1998.03.16"]
[Round "7"]
[White "De Firmian, Nick E"]
[Black "Westerinen, Heikki MJ"]
[Result "1/2-1/2"]
[WhiteElo "2590"]
[BlackElo "2410"]

1.e4 Nf6 2.e5 Nd5 3.d4 Nb6 4.a4 a5 5.Nf3 d5 6.Bd3 Bg4 7.h3 Bxf3 8.Qxf3 e6
9.O-O c5 10.c3 Nc6 11.Be3 Nd7 12.Nd2 g6 13.Qg3 Qb6 14.Bb5 Be7 15.dxc5 Bxc5
16.Rfe1 Bxe3 17.Rxe3 Rd8 18.Nf3 Ne7 19.Nd4 O-O 20.Qh4 Nf5 21.Nxf5 exf5 22.Rd1 Nc5
23.Qh6 Ne6 24.Red3 d4 25.Qd2 Nc5 26.cxd4 Nxd3 27.Qxd3 Qc7 28.f4 Rc8 29.d5 Qc5+
30.Qd4 Rfd8 31.d6 Qxd4+ 32.Rxd4 Rc1+ 33.Kh2 Kf8 34.b3 h6 35.h4 Rc3 36.Bc4 b6
37.Rd5 Rc1 38.Kg3 Rc3+ 39.Kf2 Rc2+ 40.Kf3 Rc3+ 41.Kf2 Rc2+ 42.Kf3 Rc3+ 43.Rd3 Rxd3+
44.Bxd3 Rc8 45.Bc4 Rc5 46.Ke3 Ke8 47.Kd4 Kf8 48.Kc3 Ke8 49.Kd3 Kf8  1/2-1/2

[Event "Stockholm2"]
[Site "Stockholm"]
[Date "1998.08.02"]
[Round "2"]
[White "De Firmian, Nick E"]
[Black "Tella, Jussi"]
[Result "1/2-1/2"]
[WhiteElo "2605"]
[BlackElo "2395"]

1.e4 c5 2.Nf3 d6 3.d4 cxd4 4.Nxd4 Nf6 5.Nc3 Nc6 6.Bc4 Qb6 7.Ndb5 a6 8.Be3 Qa5
9.Nd4 Ng4 10.Nxc6 bxc6 11.Bd2 Qb6 12.Qe2 Ne5 13.Na4 Qc7 14.Bb3 c5 15.f4 Nc6
16.Bc3 e6 17.f5 e5 18.Qc4 a5 19.O-O-O Ba6 20.Qd5 Rb8 21.Bc4 Nb4 22.Bxb4 Bxc4
23.Qxc4 Rxb4 24.Qd5 Rxa4 25.c3 Be7 26.Kb1 O-O 27.b3 Rb8 28.Ka1 Ra3 29.Kb2 Ra4
30.Ka1  1/2-1/2

[Event "Stockholm2"]
[Site "Stockholm"]
[Date "1998.08.03"]
[Round "3"]
[White "Engqvist, Thomas"]
[Black "De Firmian, Nick E"]
[Result "1/2-1/2"]
[WhiteElo "2330"]
[BlackElo "2605"]

1.Nf3 Nf6 2.c4 b6 3.g3 c5 4.Bg2 Bb7 5.O-O Nc6 6.d4 Nxd4 7.Nxd4 Bxg2 8.Kxg2 cxd4
9.Qxd4 e6 10.Nc3 Be7 11.Rd1 O-O 12.b3 Qc7 13.Qd3 a6 14.Qf3 Rac8 15.Bb2 Rfd8
16.Rac1 Qb8 17.a4 d6 18.Kg1 h6 19.Ba3 Nd7 20.Ne4 Nc5 21.Nxc5 bxc5 22.Bb2 Rd7
23.Rd3 Qb7 24.e4 Qc6 25.Qg4 Bf8 26.Re1 Rb8 27.Qf3 Rdb7 28.Ree3 Qe8 29.h4 e5
30.Kf1 Qe6 31.Kg2 Be7 32.Qd1 Rf8 33.Rc3 g6 34.h5 Bg5 35.Red3 Rd7 36.hxg6 Qxg6
37.Qg4 f5 38.exf5 Qxf5 39.Qxf5 Rxf5 40.Rf3 Rff7 41.Rxf7 Kxf7 42.Kf3 Ke6 43.Ke4 Rf7
44.f3 h5 45.Bc1 Rg7 46.f4 Bf6 47.Rd3 Rg4 48.Kf3 Rg8 49.Ke4 Rg4 50.Rf3 Rg8  1/2-1/2

[Event "Stockholm2"]
[Site "Stockholm"]
[Date "1998.08.05"]
[Round "5"]
[White "Rytshagov, Mikhail"]
[Black "De Firmian, Nick E"]
[Result "0-1"]
[WhiteElo "2565"]
[BlackElo "2605"]

1.e4 c5 2.Nf3 d6 3.d4 cxd4 4.Nxd4 Nf6 5.Nc3 a6 6.Be3 e5 7.Nb3 Be6 8.f3 Nbd7
9.Qd2 b5 10.a4 b4 11.Nd5 Bxd5 12.exd5 Nb6 13.Bxb6 Qxb6 14.a5 Qb7 15.Bc4 Be7
16.Ra4 Rb8 17.Nc1 Bd8 18.b3 O-O 19.Na2 Nd7 20.Kd1 Qc8 21.Nxb4 Nc5 22.Ra2 Bg5
23.Nc6 Qxc6 24.dxc6 Bxd2 25.Kxd2 Rfc8 26.Bd5 Ne6 27.Ra4 Nd8 28.Rha1 Nxc6
29.Rc4 Nd4 30.Rxc8+ Rxc8 31.Ra2 Rc7 32.b4 Kf8 33.c3 Ne6 34.g3 Ke7 35.c4 Nd4
36.Rb2 Ra7 37.Kd3 g5 38.g4 Ne6 39.Ke4 Nf4 40.Bc6 Ke6 41.Rd2 h6 42.c5 dxc5
43.bxc5 Rc7 44.Rd6+ Ke7 45.Kxe5 Ne6 46.Kd5 Nf4+ 47.Kc4 Ne6 48.Kb4 Kf8 49.Bd7 Nxc5
50.Bf5 Kg7 51.h3 Kf8 52.Rxh6 Ke7 53.Rb6 f6 54.Be4 Rc8 55.Bf5 Rc7 56.Be4 Rc8
57.Bc6 Nd3+ 58.Ka3 Ne5 59.Be4 Nc4+ 60.Kb4 Nxb6 61.axb6 Kd6 62.Ka5 Rc3 63.Kxa6 Kc5
64.Ka7 Ra3+ 65.Kb7 Rb3 66.Kc7 Rxb6 67.Kd7 Kd4 68.Ke7 Ke5 69.Kf7 Rb2 70.Kg6 Rh2  0-1

[Event "Stockholm2"]
[Site "Stockholm"]
[Date "1998.08.07"]
[Round "7"]
[White "Fries Nielsen, Jens Ove"]
[Black "De Firmian, Nick E"]
[Result "1/2-1/2"]
[WhiteElo "2420"]
[BlackElo "2605"]

1.Nf3 c5 2.c4 Nc6 3.Nc3 e5 4.g3 g6 5.Bg2 Bg7 6.O-O d6 7.d3 Nge7 8.Rb1 O-O
9.a3 a5 10.Ne1 Be6 11.Nc2 d5 12.cxd5 Nxd5 13.Bd2 a4 14.Ne4 b6 15.Ng5 Bc8
16.Ne3 Nde7 17.Nc4 h6 18.Ne4 Be6 19.Nc3 Rb8 20.Nxa4 f5 21.b4 cxb4 22.axb4 b5
23.Nc5 Bf7 24.Na5 Qd6 25.Rc1 Rfc8 26.Nab7 Qc7 27.Na5 Qd6 28.Nab7 Qc7 29.Na5 Qd6  1/2-1/2

[Event "Elista ol (Men)"]
[Site "Elista"]
[Date "1998.10.07"]
[Round "9"]
[White "De Firmian, Nick E"]
[Black "Marciano, David"]
[Result "1-0"]
[WhiteElo "2605"]
[BlackElo "2525"]

1.e4 e5 2.Nf3 Nf6 3.Nxe5 d6 4.Nf3 Nxe4 5.d4 d5 6.Bd3 Nc6 7.O-O Be7 8.c4 Nb4
9.Be2 Be6 10.Nc3 O-O 11.Be3 Bf5 12.Qb3 c6 13.c5 Nxc3 14.bxc3 Nc2 15.Qxb7 Nxa1
16.Rxa1 Bf6 17.Qxc6 Re8 18.Qa4 h5 19.Bb5 Re4 20.Bc6 Rc8 21.c4 Rg4 22.Bxd5 Rxc5
23.dxc5 Bxa1 24.Qxa7 Be6 25.h3 Rg6 26.c6 Qf6 27.c7 Kh7 28.Qb7 Bxh3 29.Be4  1-0

[Event "USA-ch Gr-A"]
[Site "Denver"]
[Date "1998.11.02"]
[Round "3"]
[White "De Firmian, Nick E"]
[Black "Gurevich, Dmitry"]
[Result "1-0"]
[WhiteElo "2605"]
[BlackElo "2505"]

1.e4 c5 2.Nf3 Nc6 3.d4 cxd4 4.Nxd4 Nf6 5.Nc3 d6 6.Bc4 e6 7.Be3 a6 8.f4 Be7
9.Qf3 O-O 10.O-O-O Qc7 11.Bb3 Nxd4 12.Bxd4 e5 13.fxe5 dxe5 14.Qg3 Bd6 15.Be3 Be6
16.Bh6 Ne8 17.Nd5 Bxd5 18.Rxd5 Qc6 19.Bg5 a5 20.a4 Ra6 21.Rhd1 Kh8 22.Kb1 Rb6
23.Qd3 Qc7 24.Bc4 f5 25.exf5 e4 26.Qxe4 h6 27.Qh4 Rb4 28.R5d4 Nf6 29.Bxf6 Rxf6
30.Be6 Be7 31.Rxb4 axb4 32.Rd7 Qc5 33.Qc4 Qg1+ 34.Ka2 Bf8 35.Rd8 Qb6 36.Qc8 b3+
37.cxb3 Qb4 38.Qc4 Qb6 39.Qd4 Qc7 40.Qxf6  1-0

[Event "USA-ch Gr-A"]
[Site "Denver"]
[Date "1998.11.03"]
[Round "4"]
[White "Kudrin, Sergey"]
[Black "De Firmian, Nick E"]
[Result "0-1"]
[WhiteElo "2540"]
[BlackElo "2605"]

1.e4 c5 2.Nc3 d6 3.f4 g6 4.Bc4 Nc6 5.Nf3 Bg7 6.O-O Nf6 7.Qe1 O-O 8.d3 Nd4
9.Bb3 Nxb3 10.axb3 e6 11.e5 Ne8 12.Ne4 b6 13.b4 f5 14.Nf2 cxb4 15.exd6 b3
16.cxb3 Nxd6 17.Ra2 Nf7 18.Bd2 Bb7 19.Bc3 Bxf3 20.gxf3 Qd5 21.Bxg7 Kxg7 22.Qc3+ Kg8
23.d4 Rfd8 24.Rd1 Rac8 25.Qd3 Rc7 26.Kg2 Nd6 27.Nh3 h6 28.Ng1 Ne8 29.Ne2 Nf6
30.Ra4 Rdc8 31.Rd2 Qd6 32.Rc4 Nd5 33.Rd1 Rxc4 34.bxc4 Rxc4 35.Kf2 Qc7 36.Rd2 Kf7
37.Qb3 a5 38.Qd3 a4 39.b3 axb3 40.Qxb3 g5 41.Ra2 gxf4 42.Ra8 Qe7 43.Qxc4 Qh4+
44.Ng3 Qxh2+ 45.Ke1 fxg3 46.Qc8 Qf2+ 47.Kd1 Qxd4+ 48.Kc2 Qc5+ 49.Qxc5 bxc5
50.Kd2 h5 51.Ke1 h4 52.Rh8 Nf4  0-1

[Event "USA-ch Gr-A"]
[Site "Denver"]
[Date "1998.11.04"]
[Round "5"]
[White "De Firmian, Nick E"]
[Black "Christiansen, Larry Mark"]
[Result "1/2-1/2"]
[WhiteElo "2605"]
[BlackElo "2610"]

1.e4 g6 2.d4 d6 3.Nc3 Bg7 4.f4 Nf6 5.Nf3 c5 6.Bb5+ Bd7 7.e5 Ng4 8.e6 fxe6
9.Ng5 Bxb5 10.Nxe6 Bxd4 11.Nxd8 Bf2+  1/2-1/2

[Event "USA-ch Gr-A"]
[Site "Denver"]
[Date "1998.11.06"]
[Round "7"]
[White "De Firmian, Nick E"]
[Black "Dzindzichashvili, Roman"]
[Result "1/2-1/2"]
[WhiteElo "2605"]
[BlackElo "2545"]

1.e4 e5 2.Nf3 Nc6 3.Bb5 a6 4.Ba4 Nf6 5.O-O Be7 6.Re1 b5 7.Bb3 d6 8.c3 O-O
9.h3 Na5 10.Bc2 c5 11.d4 Qc7 12.Nbd2 cxd4 13.cxd4 Bb7 14.Nf1 Rac8 15.Re2  1/2-1/2

[Event "Roskilde op"]
[Site "Roskilde"]
[Date "1998.??.??"]
[Round "1"]
[White "De Firmian, Nick E"]
[Black "Jorgensen, Brian"]
[Result "1-0"]
[WhiteElo "2590"]
[BlackElo "2195"]

1.e4 d5 2.exd5 Qxd5 3.Nc3 Qa5 4.d4 Nf6 5.Bd2 c6 6.Ne4 Qc7 7.Nxf6+ exf6 8.Bc4 Bd6
9.Qe2+ Qe7 10.O-O-O Be6 11.Re1 Kd7 12.Qd3 Kc7 13.Nh3 b5 14.Bxe6 fxe6 15.Nf4 Bxf4
16.Bxf4+ Kb7 17.d5 e5 18.dxc6+ Nxc6 19.Qxb5+ Kc7 20.Bd2 a5 21.f4 Qe6 22.fxe5 fxe5
23.Bc3 e4 24.Re3 Rhd8 25.Kb1 Rd5 26.Qe2 Rad8 27.b3 Re8 28.Re1 Rc5 29.Qf2 Qd5
30.Qg3+ Kb6 31.Qxg7 Rg8 32.Qf6 Rxg2 33.Rxe4 Rg6 34.Qf2 Kb7 35.Bd4 Rb5 36.Qh4 Qg8
37.Re8 Qf7 38.R1e7+  1-0

[Event "Roskilde op"]
[Site "Roskilde"]
[Date "1998.??.??"]
[Round "2"]
[White "Kraai, Jesse"]
[Black "De Firmian, Nick E"]
[Result "0-1"]
[WhiteElo "2345"]
[BlackElo "2590"]

1.d4 Nf6 2.c4 e6 3.Nf3 c5 4.d5 exd5 5.cxd5 d6 6.Nc3 g6 7.e4 a6 8.a4 Bg4 9.Be2 Bxf3
10.Bxf3 Nbd7 11.Bf4 Qe7 12.O-O Bg7 13.Re1 O-O 14.Qc2 Rfe8 15.h3 c4 16.b4 cxb3
17.Qxb3 Nc5 18.Qd1 Nh5 19.Bd2 Nf4 20.Rb1 Nfd3 21.Rf1 Rac8 22.Qc2 Nxa4 23.Qxa4 Bxc3
24.Bxc3 Rxc3 25.Rxb7 Qxb7 26.Qxe8+ Kg7 27.Qa4 Qb6 28.Qa1 Qd4 29.Qxa6 Nxf2
30.Rxf2 Rc1+ 31.Kh2 Qxf2 32.Qxd6 Qd4 33.Qf4 Rc8 34.h4 h6 35.Kg3 Re8 36.Kh3 Re5
37.Qc1 g5 38.Qc7 Rxd5 39.Qg3 Rc5 40.Kh2 Qa1 41.hxg5 hxg5 42.Kh3 Qf6 43.Kh2 Rc8
44.Bg4 Rh8+ 45.Bh3 Rh4  0-1

[Event "Roskilde op"]
[Site "Roskilde"]
[Date "1998.??.??"]
[Round "3"]
[White "De Firmian, Nick E"]
[Black "Zagorskis, Darius"]
[Result "0-1"]
[WhiteElo "2590"]
[BlackElo "2515"]

1.e4 c5 2.Nf3 d6 3.d4 cxd4 4.Nxd4 Nf6 5.Nc3 a6 6.Be2 e5 7.Nb3 Be7 8.Be3 Be6
9.f4 exf4 10.Bxf4 Nc6 11.Qd2 O-O 12.O-O-O Ne5 13.Nd4 Qc8 14.h3 Ng6 15.Bh2 b5
16.a3 Rd8 17.g4 Bf8 18.g5 Nd7 19.h4 Nb6 20.h5 Ne5 21.Nxe6 Nbc4 22.Qe1 fxe6
23.g6 h6 24.Kb1 Be7 25.Bg1 Bg5 26.Rh3 Qc6 27.Bd4 Rf8 28.Ka2 Rac8 29.Qg1 Rb8
30.b3 Nb6 31.Kb1 Nbd7 32.Qg2 Nc5 33.Rhh1 Qc7 34.Rhf1 Nc6 35.Bg1 Qe7 36.Qh3 Ne5
37.Rxf8+ Rxf8 38.Rf1 Rxf1+ 39.Qxf1 Nc6 40.Qh3 Bf6 41.Bg4 Nd8 42.b4 Nd7 43.Ne2 Be5
44.Nd4 Nf8 45.c3 Qf6 46.Kc2 Bf4 47.Ne2 Bg5 48.Bd4 Qe7 49.e5 Nc6 50.exd6 Qxd6
51.Qf3 e5 52.Be3 Bxe3 53.Qxe3 Nxg6 54.Qb6 Nd4+  0-1

[Event "Roskilde op"]
[Site "Roskilde"]
[Date "1998.??.??"]
[Round "4"]
[White "De Firmian, Nick E"]
[Black "Nilsson, Nils Specht"]
[Result "1-0"]
[WhiteElo "2590"]
[BlackElo "2160"]

1.e4 g6 2.d4 Bg7 3.Nc3 c6 4.f4 d5 5.e5 h5 6.Nf3 Bg4 7.h3 Bxf3 8.Qxf3 e6 9.g3 Qb6
10.Ne2 Ne7 11.c3 Nf5 12.g4 hxg4 13.hxg4 Rxh1 14.Qxh1 Ne7 15.Qh7 Bf8 16.b3 Nd7
17.Be3 Qa5 18.a3 Qc7 19.Kf2 c5 20.Rc1 Qb6 21.b4 cxb4 22.axb4 a5 23.bxa5 Qxa5
24.Bh3 Qb5 25.Kf3 Ra2 26.Bf1 Nb6 27.f5 exf5 28.gxf5 Qd7 29.Ng3 Nc4 30.e6 fxe6
31.fxg6 Nxe3 32.Qf7+ Kd8 33.Qxf8+ Kc7 34.Qf4+ Qd6 35.Qxd6+ Kxd6 36.Kxe3 Nxg6
37.Rb1 Kc7 38.Bd3 Rg2 39.Ne2 e5 40.Bxg6 exd4+ 41.Kxd4 Rxg6 42.Kxd5  1-0

[Event "Roskilde op"]
[Site "Roskilde"]
[Date "1998.??.??"]
[Round "5"]
[White "Adamski, Jan"]
[Black "De Firmian, Nick E"]
[Result "1-0"]
[WhiteElo "2345"]
[BlackElo "2590"]

1.Nf3 c5 2.c4 Nc6 3.d4 cxd4 4.Nxd4 e6 5.Nc3 Nf6 6.Bf4 d6 7.Ndb5 e5 8.Bg5 a6
9.Bxf6 gxf6 10.Na3 f5 11.e3 Be6 12.Qd2 Rc8 13.Be2 Bg7 14.O-O e4 15.Rac1 h5
16.Nd5 h4 17.f4 exf3 18.gxf3 Ne7 19.Nxe7 Kxe7 20.b3 f4 21.exf4 Qb6+ 22.Kh1 Rcg8
23.Nc2 Bh3 24.Rg1 Qf2 25.Ne3 Bf6 26.Rcd1 Ke8 27.Ng4 Bxg4 28.fxg4 Be7 29.Rg2 Qc5
30.Bf3 b5 31.Re2 Kd8 32.Qa5+ Kd7 33.Qxa6 Bd8 34.cxb5 Bb6 35.Bc6+  1-0

[Event "Roskilde op"]
[Site "Roskilde"]
[Date "1998.??.??"]
[Round "8"]
[White "Ligaard, Morten"]
[Black "De Firmian, Nick E"]
[Result "1/2-1/2"]
[WhiteElo "2230"]
[BlackElo "2590"]

1.d4 Nf6 2.Nf3 e6 3.Bg5 h6 4.Bh4 d6 5.c4 g5 6.Bg3 Nh5 7.e3 Bg7 8.Be2 Nd7
9.Nc3 O-O 10.Nd2 Nxg3 11.hxg3 c5 12.dxc5 dxc5 13.Qc2 Qe7 14.g4 Nb6 15.O-O-O Bd7
16.f4 Bc6 17.Nf3 gxf4 18.g5 fxe3 19.gxh6 Bf6 20.Qd3 Rad8 21.Qxe3 Kh8 22.Ne4 Bxe4
23.Qxe4 Na4 24.Ne5 Bxe5 25.Qxe5+ f6 26.Qe4 Qc7 27.Rxd8 Rxd8 28.Rd1 Rxd1+
29.Bxd1 Nb6 30.Qxe6 Qf4+ 31.Kb1 Qxh6 32.Qe8+ Kg7 33.Qe7+ Kg8 34.Qe8+ Qf8
35.Qg6+ Kh8 36.Qh5+ Kg7 37.Bc2 Qf7 38.Qh7+ Kf8 39.Qxf7+ Kxf7 40.Be4 Ke6 41.b3 Ke5
42.Bxb7 Kd4  1/2-1/2

[Event "Roskilde op"]
[Site "Roskilde"]
[Date "1998.??.??"]
[Round "9"]
[White "De Firmian, Nick E"]
[Black "Andreasen, Per"]
[Result "1-0"]
[WhiteElo "2590"]
[BlackElo "2290"]

1.e4 e6 2.d4 d5 3.Nc3 Bb4 4.e5 Qd7 5.a3 Bf8 6.Nf3 b6 7.Bb5 c6 8.Ba4 Ba6 9.Ne2 Bxe2
10.Qxe2 b5 11.Bb3 c5 12.c3 c4 13.Bc2 a5 14.Ng5 g6 15.h4 h5 16.g4 Nc6 17.Rh3 hxg4
18.Qxg4 Nh6 19.Qf4 Nf5 20.h5 Bh6 21.hxg6 fxg6 22.Qh2 Nce7 23.Nf3 Ng8 24.Bxf5 gxf5
25.Bxh6 Qh7 26.O-O-O b4 27.Rg1 bxa3 28.bxa3 Qe7 29.Bf8 Rxh3 30.Bxe7 Rxh2
31.Rxg8+ Kxe7 32.Rxa8  1-0

[Event "Troll Masters"]
[Site "Gausdal"]
[Date "1999.01.09"]
[Round "1"]
[White "Fyllingen, Roy Harald"]
[Black "De Firmian, Nick E"]
[Result "0-1"]
[WhiteElo "2405"]
[BlackElo "2605"]

1.d4 Nf6 2.c4 e6 3.Nc3 Bb4 4.Qc2 O-O 5.a3 Bxc3+ 6.Qxc3 Ne4 7.Qc2 f5 8.Nh3 d6
9.f3 Nf6 10.Bg5 h6 11.Bh4 e5 12.O-O-O exd4 13.Rxd4 Nc6 14.Rd2 Qe8 15.Bf2 Be6
16.Nf4 Bf7 17.e3 Ne5 18.h4 Qc6 19.Rd4 Rae8 20.Rh3 Qa6 21.Rg3 c5 22.Rd1 Bxc4
23.Bxc4+ Nxc4 24.Qxf5 Rf7 25.Qd3 b5 26.Kb1 b4 27.Rc1 d5 28.axb4 cxb4 29.b3 Rb8
30.Rd1 Na3+ 31.Kb2 Nb5 32.Ra1 Qd6 33.Kc2 Qe5 34.Ra6 Rc8+ 35.Kd1 Qb2 36.Ne2 Rfc7
37.Qd2 Qb1+  0-1

[Event "Troll Masters"]
[Site "Gausdal"]
[Date "1999.01.10"]
[Round "3"]
[White "Nielsen, Peter Heine"]
[Black "De Firmian, Nick E"]
[Result "1/2-1/2"]
[WhiteElo "2515"]
[BlackElo "2605"]

1.d4 Nf6 2.Nf3 e6 3.c4 c5 4.Nc3 cxd4 5.Nxd4 Nc6 6.Ndb5 d5 7.Bf4 e5 8.cxd5 exf4
9.dxc6 bxc6 10.Qxd8+ Kxd8 11.Rd1+ Bd7 12.Nd6 Bxd6  1/2-1/2

[Event "Troll Masters"]
[Site "Gausdal"]
[Date "1999.01.12"]
[Round "6"]
[White "De Firmian, Nick E"]
[Black "Ornstein, Axel"]
[Result "1/2-1/2"]
[WhiteElo "2605"]
[BlackElo "2425"]

1.e4 e5 2.Nf3 Nc6 3.Bb5 a6 4.Bxc6 dxc6 5.O-O f6 6.d4 Bg4 7.dxe5 Qxd1 8.Rxd1 fxe5
9.Rd3 Bd6 10.Nbd2 b5 11.b3 Ne7 12.Bb2 Ng6 13.g3 O-O 14.Kg2 Rae8 15.h3 Bc8
16.Re1  1/2-1/2

[Event "Troll Masters"]
[Site "Gausdal"]
[Date "1999.01.15"]
[Round "9"]
[White "Lie, Kjetil A"]
[Black "De Firmian, Nick E"]
[Result "0-1"]
[WhiteElo "2240"]
[BlackElo "2605"]

1.e4 c5 2.d4 cxd4 3.c3 dxc3 4.Nxc3 Nc6 5.Nf3 d6 6.Bc4 a6 7.O-O Nf6 8.h3 e6
9.Qe2 Be7 10.Rd1 Bd7 11.Bg5 O-O 12.Bxf6 gxf6 13.Nh2 Kh8 14.f4 Rg8 15.Kh1 Rc8
16.Ng4 Rg7 17.Bd3 Qa5 18.e5 fxe5 19.fxe5 Nxe5 20.Nxe5 Qxe5 21.Qxe5 dxe5 22.Bxh7 Rc7
23.Bd3 f5 24.Bf1 e4 25.Ne2 Bf6 26.Rac1 Rxc1 27.Rxc1 Bc6 28.Rc2 Rd7 29.b3 Rd1
30.Rc1 Rd2 31.Nf4 e5 32.Nh5 Bg5 33.Re1 f4  0-1

[Event "Koltanowski Team Match"]
[Site "San Francisco"]
[Date "1999.02.04"]
[Round "3"]
[White "De Firmian, Nick E"]
[Black "Ziatdinov, Raset"]
[Result "1/2-1/2"]
[WhiteElo "2610"]
[BlackElo "2511"]

1.e4 e5 2.Nf3 Nc6 3.Bb5 a6 4.Ba4 Nf6 5.O-O Be7 6.Re1 b5 7.Bb3 d6 8.c3 O-O
9.h3 Nb8 10.d4 Nbd7 11.Nbd2 Bb7 12.Bc2 Re8 13.Nf1 Bf8 14.Ng3 g6 15.a4 Bg7
16.Bd3 c6 17.Bg5 h6 18.Bd2 Qc7 19.b3 d5 20.Nxe5 Nxe5 21.dxe5 Nxe4 22.Nxe4 dxe4
23.Bxe4 Bxe5 24.axb5 cxb5  1/2-1/2

[Event "Koltanowski Team Match"]
[Site "San Francisco"]
[Date "1999.02.07"]
[Round "6"]
[White "Zugic, Igor"]
[Black "De Firmian, Nick E"]
[Result "0-1"]
[WhiteElo "2370"]
[BlackElo "2610"]

1.Nf3 c5 2.c4 Nc6 3.Nc3 e5 4.e4 d6 5.h3 Be7 6.d3 f5 7.g3 Nf6 8.Bg2 O-O 9.O-O f4
10.gxf4 exf4 11.Bxf4 Nxe4 12.dxe4 Rxf4 13.Ne2 Rf7 14.Ne1 Be6 15.b3 Qd7 16.Kh2 Bf6
17.Rc1 g5 18.Nd3 Ne5 19.f4 Nxd3 20.Qxd3 gxf4 21.Kh1 Be5 22.Rf3 Raf8 23.Rcf1 Qe7
24.Qd2 Qh4 25.Ng1 Bg4 26.R3f2 f3 27.Nxf3 Bxf3  0-1

[Event "Koltanowski Team Match"]
[Site "San Francisco"]
[Date "1999.02.08"]
[Round "7"]
[White "De Firmian, Nick E"]
[Black "Young, Angelo"]
[Result "1-0"]
[WhiteElo "2610"]
[BlackElo "2398"]

1.e4 e6 2.d4 d5 3.Nc3 Bb4 4.e5 b6 5.a3 Bxc3+ 6.bxc3 Qh4 7.Bd3 Ba6 8.Nf3 Qh5
9.h3 Bxd3 10.cxd3 f6 11.exf6 gxf6 12.Bf4 Kd8 13.O-O Ne7 14.Re1 Qf7 15.c4 Nbc6
16.Rc1 Rg8 17.Qa4 Rc8 18.Re2 Ng6 19.Bg3 Nce7 20.Rce1 Nf8 21.Qxa7 Qg6 22.Qb7 Qf5
23.Re3 Qh5 24.c5 bxc5 25.dxc5 Qe8 26.Rxe6 Nxe6 27.Rxe6 Qa4 28.Rxf6 Qxa3 29.d4 Qa4
30.Kh2 Ke8 31.Ne5 Rxg3 32.fxg3 Qxd4 33.Re6 Kf8 34.Rxe7  1-0

[Event "Koltanowski Team Match"]
[Site "San Francisco"]
[Date "1999.02.10"]
[Round "9"]
[White "Hergott, Deen"]
[Black "De Firmian, Nick E"]
[Result "1/2-1/2"]
[WhiteElo "2390"]
[BlackElo "2610"]

1.Nf3 c5 2.c4 Nc6 3.d4 cxd4 4.Nxd4 e6 5.Nc3 Nf6 6.Ndb5 d5 7.Bf4 e5 8.cxd5 exf4
9.dxc6 bxc6 10.Qxd8+ Kxd8 11.Rd1+ Bd7 12.Nd6 Kc7 13.Nxf7 Rg8 14.g3 Rb8 15.Rd2 Bb4
16.Bg2 Bxc3 17.bxc3 Rb1+ 18.Rd1 Rxd1+ 19.Kxd1 Ng4 20.Ke1 Rb8 21.Be4 Be6 22.Ng5 Bd5
23.Kf1 h6 24.Bxd5 cxd5 25.Ne6+ Kd6 26.Nxg7 Rb1+ 27.Kg2 Rxh1 28.Kxh1 Nxf2+
29.Kg2 fxg3 30.hxg3 Ne4 31.Nf5+ Ke5 32.Nxh6 Nxc3 33.Kf3 Nxa2 34.Nf7+ Kf6
35.Nd6 Nc3 36.Nb7 Ke5 37.Na5 a6 38.g4 Ne4 39.Ke3 Ng5 40.Nb3 Ne6 41.Kd3 Kf4
42.g5 Ke5 43.g6 Nf4+ 44.Kc3 Nxg6 45.Nc5 a5 46.Nb7 d4+ 47.Kb3 Nf4 48.Nxa5 Ke4
49.Kc2 Nxe2 50.Nb3  1/2-1/2

[Event "Julian Borowski GM"]
[Site "Essen"]
[Date "1999.03.27"]
[Round "1"]
[White "Podzielny, Karl Heinz"]
[Black "De Firmian, Nick E"]
[Result "1-0"]
[WhiteElo "2499"]
[BlackElo "2610"]

1.Nf3 c5 2.c4 Nc6 3.g3 g6 4.Bg2 Bg7 5.O-O d6 6.Nc3 e5 7.a3 Nge7 8.b4 e4 9.Ne1 Be6
10.Rb1 cxb4 11.Nxe4 Bxc4 12.axb4 d5 13.Nc3 a6 14.Bb2 d4 15.Ne4 O-O 16.d3 Bd5
17.Nf3 Qb6 18.Ba3 Rfd8 19.Qd2 Nf5 20.Qf4 Na7 21.Nc5 Nb5 22.Bb2 Bh6 23.Qg4 a5
24.Qh3 axb4 25.g4 Qxc5 26.gxf5 Bg7 27.e4 Bc6 28.Rbe1 Nc3 29.Bc1 Ra1 30.Bg5 Rxe1
31.Rxe1 Re8 32.Bh6 f6 33.Bxg7 Kxg7 34.e5 fxe5 35.Ng5 h6 36.Ne6+ Rxe6 37.fxe6 Bxg2
38.Kxg2 Qe7 39.f4 exf4 40.Qf3 Qg5+  1-0

[Event "Julian Borowski GM"]
[Site "Essen"]
[Date "1999.03.28"]
[Round "2"]
[White "De Firmian, Nick E"]
[Black "Bischoff, Klaus"]
[Result "1/2-1/2"]
[WhiteElo "2610"]
[BlackElo "2521"]

1.e4 c5 2.Nf3 e6 3.Nc3 a6 4.g3 Nc6 5.d4 cxd4 6.Nxd4 Nge7 7.Nb3 Ng6 8.Bg2 Rb8
9.f4 Be7 10.Be3 f6 11.Qe2 O-O 12.O-O-O Qc7 13.h4 b5 14.h5 Nh8 15.h6 g6 16.Kb1 Nf7
17.Bf2 Re8 18.Bc5 d6 19.Be3 b4 20.Na4 e5 21.f5 Bd8 22.fxg6 hxg6 23.h7+ Kg7
24.Bh3 Rh8 25.Bxc8 Qxc8 26.c4 bxc3 27.Nxc3 Qb7  1/2-1/2

[Event "Julian Borowski GM"]
[Site "Essen"]
[Date "1999.03.31"]
[Round "5"]
[White "De Firmian, Nick E"]
[Black "Sutovskij, Emil"]
[Result "1-0"]
[WhiteElo "2610"]
[BlackElo "2612"]

1.e4 c5 2.Nf3 Nc6 3.d4 cxd4 4.Nxd4 Nf6 5.Nc3 e5 6.Ndb5 d6 7.Bg5 a6 8.Na3 b5
9.Nd5 Be7 10.Bxf6 Bxf6 11.c3 Rb8 12.Nc2 Bg5 13.a3 a5 14.Bd3 Ne7 15.Nxe7 Qxe7
16.Qe2 Qb7 17.O-O O-O 18.b4 a4 19.c4 Be6 20.cxb5 Rfc8 21.Ne3 g6 22.Nc4 Bxc4
23.Bxc4 Qb6 24.Ra2 Rc7 25.g3 h5 26.Kh1 Kg7 27.h4 Bh6 28.Kg2 Rbc8 29.Bd5 Rc3
30.Rd1 Bc1 31.Rd3 Rxd3 32.Qxd3 Qd4 33.Qxd4 exd4 34.b6 d3 35.b7 Rb8 36.Kf1 f5
37.Ke1 fxe4 38.Kd1 Bh6 39.Bxe4 g5 40.hxg5 Bxg5 41.f4 Bh6 42.Rh2  1-0